01373cam a2200289 a 450000100100000000500170001000800410002702000150006803500250008304000230010808200200013110000430015124501490019426000850034330000280042849000640045650400740052065000810059465100750067570000380075070000450078883000720083391000340090504900090093995201180094899900170106600001445020200929163843.0010719s2000 ck a b 000 0 spa  a9589684254 a(BoCbEI)ei 010200740 aDO-SdBNPcDLCdDLC a986.1062bA473p1 aÁlvarez Llanos, Jaime,d1962-93260910aPrensa, desarrollo urbano y política en Barranquilla, 1880-1930 /cJaime Álvarez Llanos, Jaime Colpas Gutiérrez, Ever González Chamorro. aBarranquilla :bFondo de Publicaciones de la Universidad del Atlántico,c2000. a189 p. :bil. ;c24 cm.1 aCiencias económicas y sociales Rodrigo Noguera Barreneche aIncluye referencias bibliográficas y notas al pie de las páginas. 4aGobierno y prensazBarranquilla (Colombia{Rpara}xHistoriay1880-1930932610 4aBarranquilla (Colombia{Rpara}xPolítica Y Gobiernoy1880-19309326111 aColpas Gutiérrez, Jaime.9326121 aGonzález Chamorro, Ever,d1964-932613 0aCiencias económicas y sociales Rodrigo Noguera Barreneche.932614 aCatalogación por copia / LC aBNGR 001050718MOaGRbGRcCTd2009-12-15iLF1l0o986.1062 A473pp14450-10r2020-06-25w2020-06-25y1ZNo se presta c14039d14039